00999pam a2200313 a 45000010008000000030004000080050017000120080041000290100017000700200015000870200035001020400018001370420009001550430012001640500025001761000021002012450073002222600038002953000033003334400036003665210007004025260008004095410006004176000055004236500063004786500031005417000024005728560089005962997572ost20140310184332.0930811s1994 nyua j 000 0beng  a 93031867  a0590621874 a0590621874c$3.50 ($4.50 Can.) aDLCcDLCdDLC alcac an-us---00aE 457.905b.B74 19941 aBrenner, Martha.10aAbe Lincoln's hat /cby Martha Brenner ; illustrated by Donald Cook. aNew York :bRandom House,cc1994. a48 p. :bcol. ill. ;c23 cm. 0aStep into reading.pStep 2 book aG2 c330 j110aLincoln, Abraham,d1809-1865vJuvenile literature. 0aPresidentszUnited StatesvBiographyvJuvenile literature. 0aHatsvJuvenile literature.1 aCook, Donald,eill.423Publisher descriptionuhttp://www.loc.gov/catdir/description/random042/93031867.html